Normal view
MARC view
- Komal Sadaf.
Entry Personal Name
001 - CONTROL NUMBER
- control field: 27866
003 - CONTROL NUMBER IDENTIFIER
- control field: NUST
005 - DATE AND TIME OF LATEST TRANSACTION
- control field: 20200122121338.0
008 - FIXED-LENGTH DATA ELEMENTS
- fixed length control field: 200122|| aca||aabn | a|a d
040 ## - CATALOGING SOURCE
- Original cataloging agency: NUST
- Transcribing agency: NUST
100 ## - HEADING--PERSONAL NAME
- Personal name: Komal Sadaf.
670 ## - SOURCE DATA FOUND
- Source citation: Work cat.: (NUST): Khan, Aniqa 27864, Fund My Education-an Advertising Campaign /, 2019.
